Score 0/7 Timer 01:00
2 Plays Today
Category Unit % Correct
LengthMeter (m)
98.4%
TimeSecond (s)
92.1%
MassKilogram (kg)
87.7%
(Thermodynamic) TemperatureKelvin (K)
82.6%
Electric CurrentAmpere (A)
78.3%
Amount of SubstanceMole (mol)
45.5%
Luminous IntensityCandela (cd)
30.6%

You're not logged in!

Compare scores with friends on all Sporcle quizzes.
OR
Log In

Sporcle TV

Today on Sporcle TV


Watch our educational content, quiz creation guides, and fun videos on Sporcle TV.

Show Comments

Extras

Top Quizzes Today


Score Distribution

Your Account Isn't Verified!

In order to create a playlist on Sporcle, you need to verify the email address you used during registration. Go to your Sporcle Settings to finish the process.

Report this User

Report this user for behavior that violates our Community Guidelines.

Details: